[Event "GER-chT U12"]
[Site "Verden an der Aller"]
[Date "2002.12.29"]
[Round "5.3"]
[White "Helle, Philipp"]
[Black "Kirch, Florian"]
[Result "0-1"]
[WhiteElo "1489"]
[BlackElo "1593"]
[PlyCount "120"]
[EventDate "2002.12.27"]
[EventType "team"]
[EventRounds "7"]
[EventCountry "GER"]
[SourceTitle "CBM 092 Extra"]
[Source "ChessBase"]
[SourceDate "2003.03.07"]
[SourceVersion "1"]
[SourceVersionDate "2003.03.07"]
[SourceQuality "1"]

1. d4 g6 2. e4 Bg7 3. Nf3 d6 4. c4 e5 5. dxe5 dxe5 6. Qxd8+ Kxd8 7. Nc3 c6 8. Be3 Nd7 9. Rd1 Ke7 10. c5 Ngf6 11. Bc4 h6 12. 0-0 Rd8 13. b4 b6 14. cxb6 axb6 15. Rfe1 Ne8 16. Bb3 Nc7 17. Na4 Bb7 18. Nxb6 Nxb6 19. Bxb6 Rxd1 20. Rxd1 Ne6 21. Bc5+ Nxc5 22. bxc5 Ba6 23. Ba4 Bb5 24. Bxb5 cxb5 25. Ra1 Kd7 26. Nd2 Kc6 27. Nb3 Bf8 28. Kf1 f5 29. f3 fxe4 30. fxe4 Ra4 31. Kf2 Rxe4 32. Kf3 Ra4 33. Re1 Kd5 34. Rd1+ Kc6 35. Rd2 e4+ 36. Ke2 h5 37. Nd4+ Kb7 38. c6+ Kb6 39. c7 Rc4 40. Ne6 Bh6 41. Rb2 Bc1 42. Rb1 e3 43. Kd1 Bd2 44. a4 b4 45. Ke2 Kb7 46. Kd3 Rc3+ 47. Ke2 Rc4 48. a5 Ka6 49. Kd1 Rc6 50. Rb2 Rc1+ 51. Ke2 Rc6 52. Nf4 Rxc7 53. Nxg6 Kxa5 54. Nf4 Rg7 55. g3 h4 56. gxh4 Rg4 57. Kf3 Rxf4+ 58. Kxf4 e2+ 59. Rxd2 e1Q 60. Rd5+ Ka4 0-1

[Event "GER-chT U12"]
[Site "Verden an der Aller"]
[Date "2002.12.28"]
[Round "3.3"]
[White "Helle, Philipp"]
[Black "Jorczik, Julian Marcel"]
[Result "1/2-1/2"]
[WhiteElo "1489"]
[BlackElo "1573"]
[PlyCount "144"]
[EventDate "2002.12.27"]
[EventType "team"]
[EventRounds "7"]
[EventCountry "GER"]
[SourceTitle "CBM 092 Extra"]
[Source "ChessBase"]
[SourceDate "2003.03.07"]
[SourceVersion "1"]
[SourceVersionDate "2003.03.07"]
[SourceQuality "1"]

1. f4 d5 2. Nf3 c5 3. e3 a6 4. b3 Nc6 5. Bb2 e6 6. d3 Nf6 7. Be2 Be7 8. 0-0 b5 9. Nbd2 Bb7 10. c4 0-0 11. cxb5 axb5 12. Qc2 Qb6 13. Rfc1 Nb4 14. Qb1 Rfc8 15. a3 Na6 16. d4 c4 17. Bc3 Qc7 18. bxc4 bxc4 19. Ne5 Rcb8 20. Qc2 Nd7 21. Ndf3 f6 22. Ng4 g6 23. Nf2 f5 24. h3 Bc6 25. Nd2 Nb6 26. Ba5 Qd7 27. Bxb6 Rxb6 28. Qa2 Rab8 29. Rcb1 Ba4 30. Rxb6 Rxb6 31. Bd1 Nc7 32. Rb1 Rxb1 33. Nxb1 Bxd1 34. Nxd1 Qa4 35. Nb2 Qc2 36. a4 Qc1+ 37. Kf2 Bh4+ 38. g3 Qc2+ 39. Kf3 Be7 40. Na3 Qh2 41. h4 Qh1+ 42. Kf2 Bb4 43. Qb1 Qh2+ 44. Kf3 Bxa3 45. Nxc4 dxc4 46. Qb8+ Bf8 47. Qxc7 Qh1+ 48. Kf2 Qd5 49. a5 Qb5 50. Qc8 Qxa5 51. Qxe6+ Kh8 52. Qxc4 Qd8 53. Kf3 Qa8+ 54. d5 Qa7 55. Qc8 Qe7 56. Qc3+ Kg8 57. Qc4 Qd6 58. Qd4 Kf7 59. h5 Be7 60. hxg6+ hxg6 61. Qc4 Bd8 62. Qd4 Bb6 63. Qe5 Bc7 64. Qxd6 Bxd6 65. g4 fxg4+ 66. Kxg4 Kf6 67. e4 Bc7 68. Kf3 Bb8 69. Ke3 Bc7 70. Kf3 Bb8 71. Kg4 Bc7 72. e5+ Bxe5 1/2-1/2

[Event "GER-chT U12"]
[Site "Seifhennersdorf"]
[Date "2001.12.29"]
[Round "6.3"]
[White "Helle, Philipp"]
[Black "Sonder, Adrian"]
[Result "1-0"]
[WhiteElo "1266"]
[BlackElo "800"]
[PlyCount "69"]
[EventDate "2001.12.27"]
[EventType "team"]
[EventRounds "7"]
[EventCountry "GER"]
[SourceTitle "EXT 2003"]
[Source "ChessBase"]
[SourceDate "2002.11.25"]
[SourceVersion "1"]
[SourceVersionDate "2002.11.25"]
[SourceQuality "1"]

1. e4 e5 2. Nf3 Nc6 3. Bb5 d6 4. d4 Bg4 5. d5 a6 6. Ba4 b5 7. dxc6 bxa4 8. Nc3 a3 9. b3 Nf6 10. Bxa3 Rb8 11. h3 Bh5 12. g4 Bg6 13. Qe2 Rb6 14. Nd2 Rxc6 15. Bb2 h6 16. 0-0-0 Qe7 17. Nf3 Nd7 18. Nd5 Qd8 19. b4 Nb8 20. a4 Be7 21. Ba3 Bg5+ 22. Kb1 Qc8 23. Ka2 Qd7 24. b5 axb5 25. axb5 Bxe4 26. Qxe4 Rb6 27. Nxb6 cxb6 28. Nxg5 hxg5 29. Rxd6 Qxb5 30. Qb4 Qxb4 31. Bxb4 Nd7 32. Rhd1 Rxh3 33. Rxd7 f5 34. Re7+ Kf8 35. Rd8# 1-0